| 000 -LEADER |
| fixed length control field |
01158nam a22001457a 4500 |
| 008 - FIXED-LENGTH DATA ELEMENTS--GENERAL INFORMATION |
| fixed length control field |
220930b ||||| |||| 00| 0 eng d |
| 100 ## - MAIN ENTRY--PERSONAL NAME |
| Personal name |
Caballero, Ricardo J. and Simsek, Alp |
| 245 ## - TITLE STATEMENT |
| Title |
Monetary policy with opinionated markets |
| 260 ## - PUBLICATION, DISTRIBUTION, ETC. (IMPRINT) |
| Place of publication, distribution, etc |
The American Economic Review |
| 300 ## - PHYSICAL DESCRIPTION |
| Extent |
112(7), Jul, 2022: p.2353-2392 |
| 520 ## - SUMMARY, ETC. |
| Summary, etc |
We build a model in which the Fed and the market disagree about future aggregate demand. The market anticipates monetary policy "mistakes," which affect current demand and induce the Fed to partially accommodate the market's view. The Fed expects to implement its view gradually. Announcements that reveal an unexpected change in the Fed's belief provide a microfoundation for monetary policy shocks. Tantrum shocks arise when the market misinterprets the Fed's belief and overreacts to its announcement. Uncertainty about tantrums motivates further gradualism and communication. Finally, disagreements affect the market's expected inflation and induce a policy trade-off similar to "cost-push" shocks. – Reproduced |
| 773 ## - HOST ITEM ENTRY |
| Main entry heading |
The American Economic Review |
| 906 ## - LOCAL DATA ELEMENT F, LDF (RLIN) |
| Subject DIP |
MONETARY POLICY |
| 942 ## - ADDED ENTRY ELEMENTS (KOHA) |
| Item type |
Articles |